I'll hold you in heaven : (Record no. 3666)
[ view plain ]
| 000 -LEADER | |
|---|---|
| fixed length control field | 01273cam a2200325 a 4500 |
| 001 - CONTROL NUMBER | |
| control field | 4362924 |
| 003 - CONTROL NUMBER IDENTIFIER | |
| control field | GBCCL |
| 005 - DATE AND TIME OF LATEST TRANSACTION | |
| control field | 20241126110500.0 |
| 008 - FIXED-LENGTH DATA ELEMENTS--GENERAL INFORMATION | |
| fixed length control field | 900724s1990 cau 000 0 eng |
| 010 ## - | |
| -- | 90044573 |
| 020 ## - INTERNATIONAL STANDARD BOOK NUMBER | |
| International Standard Book Number | 0830714324 |
| 020 ## - INTERNATIONAL STANDARD BOOK NUMBER | |
| International Standard Book Number | 0830714596 (pbk.) |
| 040 ## - CATALOGING SOURCE | |
| Original cataloging agency | DLC |
| Transcribing agency | DLC |
| Modifying agency | DLC |
| 050 00 - | |
| -- | BV4907 |
| -- | .H38 1990 |
| 082 00 - DEWEY DECIMAL CLASSIFICATION NUMBER | |
| Classification number | 248.86 |
| Edition information | 20 |
| Item number | HAY |
| 100 1# - MAIN ENTRY--PERSONAL NAME | |
| Personal name | Hayford, Jack W. |
| 9 (RLIN) | 4419 |
| 245 10 - TITLE STATEMENT | |
| Title | I'll hold you in heaven : |
| Remainder of title | healing and hope for the parent who has lost a child through miscarriage, stillbirth, abortion, or early infant death / |
| Statement of responsibility, etc. | Jack Hayford. |
| 260 ## - PUBLICATION, DISTRIBUTION, ETC. | |
| Place of publication, distribution, etc. | Ventura, Calif., U.S.A. : |
| Name of publisher, distributor, etc. | Regal Books, |
| Date of publication, distribution, etc. | c1990. |
| 300 ## - PHYSICAL DESCRIPTION | |
| Extent | 124 p. ; |
| Dimensions | 18 cm. |
| 500 ## - GENERAL NOTE | |
| General note | Rev. ed. of: Early flight. 1986. |
| 650 #0 - SUBJECT ADDED ENTRY--TOPICAL TERM | |
| Topical term or geographic name entry element | Consolation. |
| 9 (RLIN) | 348 |
| 650 #0 - SUBJECT ADDED ENTRY--TOPICAL TERM | |
| Topical term or geographic name entry element | Children |
| General subdivision | Death |
| -- | Religious aspects |
| -- | Christianity. |
| 9 (RLIN) | 7272 |
| 650 #0 - SUBJECT ADDED ENTRY--TOPICAL TERM | |
| Topical term or geographic name entry element | Miscarriage |
| General subdivision | Religious aspects |
| -- | Christianity. |
| 9 (RLIN) | 7273 |
| 650 #0 - SUBJECT ADDED ENTRY--TOPICAL TERM | |
| Topical term or geographic name entry element | Stillbirth |
| General subdivision | Religious aspects |
| -- | Christianity. |
| 9 (RLIN) | 7274 |
| 650 #0 - SUBJECT ADDED ENTRY--TOPICAL TERM | |
| Topical term or geographic name entry element | Abortion |
| General subdivision | Religious aspects |
| -- | Christianity. |
| 9 (RLIN) | 3902 |
| 700 1# - ADDED ENTRY--PERSONAL NAME | |
| Personal name | Hayford, Jack W. |
| Title of a work | Early flight. |
| 9 (RLIN) | 7275 |
| 906 ## - LOCAL DATA ELEMENT F, LDF (RLIN) | |
| a | 7 |
| b | cbc |
| c | orignew |
| d | 1 |
| e | ocip |
| f | 19 |
| g | y-gencatlg |
| 942 ## - ADDED ENTRY ELEMENTS (KOHA) | |
| Source of classification or shelving scheme | Dewey Decimal Classification |
| Koha item type | Books |
| Koha issues (borrowed), all copies | 2 |
| Withdrawn status | Lost status | Source of classification or shelving scheme | Damaged status | Not for loan | Home library | Current Library | Shelving location | Date acquired | Total checkouts | Full call number | Barcode | Date last seen | Copy number | Price effective from | Koha item type | Date last checked out |
|---|---|---|---|---|---|---|---|---|---|---|---|---|---|---|---|---|
| Dewey Decimal Classification | GRACE BIBLE COLLEGE | GRACE BIBLE COLLEGE | Ministry & Mission | 2017-12-01 | 248.86 HAY | 009801 | 2025-05-01 | c.2 | 2017-12-01 | Books | ||||||
| Dewey Decimal Classification | GRACE BIBLE COLLEGE | GRACE BIBLE COLLEGE | Ministry & Mission | 2017-12-01 | 248.86 HAY | 009799 | 2025-05-01 | c.1 | 2017-12-01 | Books | ||||||
| Dewey Decimal Classification | GRACE BIBLE COLLEGE | GRACE BIBLE COLLEGE | Ministry & Mission | 2018-07-30 | 248.86 HAY | 013550 | 2025-05-01 | c.3 | 2018-07-30 | Books | ||||||
| Dewey Decimal Classification | GRACE BIBLE COLLEGE | GRACE BIBLE COLLEGE | Ministry & Mission | 2018-07-30 | 248.86 HAY | 013551 | 2025-05-01 | c.4 | 2018-07-30 | Books | ||||||
| Dewey Decimal Classification | GRACE BIBLE COLLEGE | GRACE BIBLE COLLEGE | Ministry & Mission | 2018-07-30 | 248.86 HAY | 013552 | 2025-05-01 | c.5 | 2018-07-30 | Books | ||||||
| Dewey Decimal Classification | GRACE BIBLE COLLEGE | GRACE BIBLE COLLEGE | Ministry & Mission | 2018-07-30 | 1 | 248.86 HAY | 013553 | 2025-05-01 | c.6 | 2018-07-30 | Books | 2018-10-19 | ||||
| Dewey Decimal Classification | GRACE BIBLE COLLEGE | GRACE BIBLE COLLEGE | Ministry & Mission | 2018-07-30 | 1 | 248.86 HAY | 013554 | 2025-05-01 | c.7 | 2018-07-30 | Books | 2021-03-22 | ||||
| Dewey Decimal Classification | GRACE BIBLE COLLEGE | GRACE BIBLE COLLEGE | Ministry & Mission | 2018-07-30 | 248.86 HAY | 013555 | 2025-05-01 | c.8 | 2018-07-30 | Books |